Chromosomes today. V 5. (Record no. 27268)

MARC details
000 -LEADER
fixed length control field 00325nam a2200133Ia 4500
082 ## - DEWEY DECIMAL CLASSIFICATION NUMBER
Classification number 576.316
Item number PEA.5
100 ## - MAIN ENTRY--AUTHOR NAME
Personal name LEWIS, K R
245 #0 - TITLE STATEMENT
Title Chromosomes today. V 5.
260 ## - PUBLICATION, DISTRIBUTION, ETC. (IMPRINT)
Place of publication New York
Name of publisher John Wiley
Year of publication 1976
650 ## - SUBJECT ADDED ENTRY--TOPICAL TERM
Topical Term Chromosome
700 ## - ADDED ENTRY--PERSONAL NAME
Personal name PEARSON, P L
942 ## - ADDED ENTRY ELEMENTS (KOHA)
Koha item type Books
Holdings
Withdrawn status Lost status Damaged status Not for loan Home library Current library Date acquired Full call number Accession Number Koha item type
        RRII Library RRII Library 16/12/2021 576.316 PEA.5 07895 Books